Normal view
MARC view
- Afghans
Entry Topical Term
001 - CONTROL NUMBER
- control field: 3975
003 - CONTROL NUMBER IDENTIFIER
- control field: NUST
005 - DATE AND TIME OF LATEST TRANSACTION
- control field: 20170818114145.0
008 - FIXED-LENGTH DATA ELEMENTS
- fixed length control field: 170818|| aca||aabn | a|a d
040 ## - CATALOGING SOURCE
- Original cataloging agency: NUST
- Transcribing agency: NUST
150 ## - HEADING--TOPICAL TERM
- Topical term or geographic name entry element: Afghans
- Geographic subdivision: Pakistan
- Geographic subdivision: Balochistān
- General subdivision: Pictorial works.
670 ## - SOURCE DATA FOUND
- Source citation: Work cat.: (NUST)0: Neuenschwander, Elizabeth. 3971, Baluchistan-Nomads-Afghans /, 1991
